Zavádzanie inovácií ako nástroja na zvyšovanie konkurencieschopnosti podniku diplomová práca

Na minha lista:
Detalhes bibliográficos
Autor principal: Ďuricová, Kristína
Autor Corporativo: Fakulta podnikového manažmentu EU. Katedra podnikovohospodárska
Outros Autores: Majdúchová, Helena, 1963-
Formato: Livro
Idioma:eslovaco
Publicado em: Bratislava 2018
Tags: Adicionar Tag
Sem tags, seja o primeiro a adicionar uma tag!

MARC

LEADER 00000nbm a2200000 4500
001 0244576
005 20181004111034.4
041 0 |a slo 
044 |a SK 
245 1 0 |a Zavádzanie inovácií ako nástroja na zvyšovanie konkurencieschopnosti podniku  |b diplomová práca  |c Kristína Ďuricová ; školiteľ: Helena Majdúchová 
264 1 |a Bratislava  |c 2018 
300 |a 74 s. 
100 1 |a Ďuricová, Kristína 
700 1 |a Majdúchová, Helena, 1963- 
710 2 |a Fakulta podnikového manažmentu EU. Katedra podnikovohospodárska